000 00792nai a2200205Ia 4500
003 IN-BaIIA
008 211028c9999 xx s 000 0 eng d
022 _a0197-5706 (Print)
022 _a2331-0839 (Online)
040 _cIIA Library
245 0 _aIRE Transactions on Industrial Electronics
_h[eJournal]
260 _aNew York, USA
_bThe Institute of Electrical and Electronics Engineers, Inc. (IEEE)
310 _aBiannualy
362 _aPGIE-2Present 1955 - IE-9(2); 1962
521 _bSubscribed through National Knowledge Resource Consortium (NKRC)
650 _a Components, Circuits, Devices and Systems
650 _aPower, Energy and Industry Applications
856 _uhttps://ieeexplore.ieee.org/servlet/opac?punumber=5007029
_yClick Here to Access eJournal
942 _cEJ
999 _c34919
_d34919